Words that start with Aa! - Statistics

General Stats
  • This quiz has been taken 28 times
  • The average score is 3 of 19
Answer Stats
Letters Answer % Correct
2 Aa
100%
8 Aardvark
58%
3 Aah
42%
3 Aal
37%
3 Aas
37%
6 Aarrgh
16%
7 Aarrghh
16%
9 Aardvarks
11%
5 Aargh
11%
5 Aahed
5%
6 Aahing
5%
4 Aahs
5%
8 Aardwolf
5%
5 Aalii
0%
6 Aaliis
0%
4 Aals
0%
10 Aardwolves
0%
8 Aasvogel
0%
9 Aasvogels
0%
No matching quizzes found
Score Distribution
Percent of People with Each Score
Percentile by Number Answered
Your Score History
You have not taken this quiz